[Event "CHI-ch sf qual U1600"]
[Site "La Cruz"]
[Date "2019.12.29"]
[Round "3.5"]
[White "Ponce Fernandez, Eva"]
[Black "Sariego Garcia, Manuel"]
[Result "0-1"]
[WhiteElo "964"]
[BlackElo "1500"]
[PlyCount "100"]
[EventDate "2019.12.29"]
[EventType "swiss"]
[EventRounds "5"]
[EventCountry "CHI"]
[SourceTitle "EXT 2024"]
[Source "ChessBase"]
[SourceDate "2023.10.10"]
[SourceVersion "1"]
[SourceVersionDate "2023.10.10"]
[SourceQuality "1"]

1. e4 g6 2. Nf3 Bg7 3. Nc3 e6 4. d4 Ne7 5. g3 d5 6. e5 0-0 7. Bg2 b6 8. 0-0 Bb7 9. Bg5 Nd7 10. Qd2 Qe8 11. Bh6 Bxh6 12. Qxh6 Nf5 13. Qh3 Kg7 14. g4 Nh6 15. g5 Nf5 16. Nd1 Rh8 17. Ne3 h6 18. Nxf5+ exf5 19. Qg3 hxg5 20. Qxg5 Rh5 21. Qf4 Qe7 22. Rae1 Rc8 23. a3 c5 24. c3 Ba6 25. e6 fxe6 26. Rxe6 Qxe6 27. Re1 Qf6 28. dxc5 bxc5 29. Qe3 Rf8 30. Qe7+ Qxe7 31. Rxe7+ Rf7 32. Re6 Bb7 33. Ne5 Nxe5 34. Rxe5 f4 35. Re6 Rg5 36. Kh1 d4 37. Bxb7 Rxb7 38. cxd4 Rxb2 39. Re1 cxd4 40. h3 d3 41. Re7+ Kf6 42. Rxa7 d2 43. Ra6+ Kg7 44. Ra7+ Kh6 45. Rd7 Rb1+ 46. Kh2 d1Q 47. Rxd1 Rxd1 48. f3 Rd2+ 49. Kh1 Rc5 50. h4 Rc1# 0-1

[Event "Pan American prep"]
[Site "Santiago de Chile"]
[Date "2018.06.30"]
[Round "2.7"]
[White "Leyton Droguett, Maximiliano"]
[Black "Sariego Garcia, Manuel"]
[Result "0-1"]
[WhiteElo "1270"]
[BlackElo "1451"]
[PlyCount "64"]
[EventDate "2018.06.30"]
[EventType "swiss"]
[EventRounds "5"]
[EventCountry "CHI"]
[SourceTitle "EXT 2024"]
[Source "ChessBase"]
[SourceDate "2023.10.10"]
[SourceVersion "1"]
[SourceVersionDate "2023.10.10"]
[SourceQuality "1"]

1. e4 c5 2. Nf3 d6 3. d4 cxd4 4. Nxd4 Nc6 5. Nc3 a6 6. Bc4 e6 7. 0-0 Bd7 8. Be3 Be7 9. Bb3 Nf6 10. f4 0-0 11. Qf3 Na5 12. e5 Nxb3 13. axb3 Ne8 14. Qg3 Bh4 15. Qg4 d5 16. f5 exf5 17. Nxf5 Bxf5 18. Rxf5 Be7 19. Raf1 f6 20. Bh6 Kh8 21. Be3 g6 22. R5f3 f5 23. Qd4 Nc7 24. Bh6 Rf7 25. Rd3 Rc8 26. Kh1 Kg8 27. Qf4 Ne6 28. Qf3 d4 29. Qxb7 Bf8 30. Qxa6 Nc5 31. Qb5 Nxd3 32. e6 Re7 0-1

[Event "Quilpue U1600"]
[Site "Quilpue"]
[Date "2018.05.20"]
[Round "3.5"]
[White "Vasquez Cisternas, Mauricio"]
[Black "Sariego Garcia, Manuel"]
[Result "1-0"]
[WhiteElo "1437"]
[BlackElo "1477"]
[PlyCount "63"]
[EventDate "2018.05.19"]
[EventType "swiss"]
[EventRounds "6"]
[EventCountry "CHI"]
[SourceTitle "EXT 2024"]
[Source "ChessBase"]
[SourceDate "2023.10.10"]
[SourceVersion "1"]
[SourceVersionDate "2023.10.10"]
[SourceQuality "1"]

1. e4 c6 2. d4 d5 3. e5 Bf5 4. Nf3 h6 5. Be3 e6 6. Bd3 Bxd3 7. Qxd3 Bb4+ 8. Nbd2 Ne7 9. a3 Ba5 10. b4 Bb6 11. c4 Nd7 12. g4 dxc4 13. Nxc4 Bc7 14. h4 Ng6 15. h5 Ngxe5 16. dxe5 0-0 17. g5 b5 18. Nd6 Nxe5 19. Nxe5 Bxd6 20. Nxc6 Qd7 21. Qe4 Rfc8 22. Nd4 Rc4 23. Qxa8+ Rc8 24. Qg2 Be5 25. Rd1 Qc7 26. Rc1 Qd7 27. Rxc8+ Qxc8 28. 0-0 Qc3 29. Nf3 Bd6 30. gxh6 Bf8 31. hxg7 Be7 32. h6 1-0